Bucarest 187
محفوظ في:
| المؤلف الرئيسي: | |
|---|---|
| التنسيق: | كتاب |
| اللغة: | الإسبانية |
| منشور في: |
Santiago
Sudamericana
2000
|
| الطبعة: | 3a. ed |
| الموضوعات: | |
| الوسوم: |
إضافة وسم
لا توجد وسوم, كن أول من يضع وسما على هذه التسجيلة!
|
MARC
| LEADER | 00000nam a2200000 a 4500 | ||
|---|---|---|---|
| 001 | UCN4951 | ||
| 003 | CL-VaPUC | ||
| 008 | 010817e20000000CL |||||||||||||||||spa|d | ||
| 082 | 0 | 4 | |a 323.1 |b VER |2 21 |
| 100 | 0 | |a Verdugo, Patricia |e author |9 345739 | |
| 245 | 1 | 0 | |a Bucarest 187 |
| 250 | |a 3a. ed | ||
| 300 | |a 297 p | ||
| 942 | |c BK | ||
| 945 | |d 20010817 00:00:00 |a vberengu | ||
| 260 | |a Santiago |b Sudamericana |c 2000 | ||
| 600 | 0 | 7 | |a VERDUGO HERRERA, SERGIO |2 CL-VaPUC |9 461081 |
| 650 | 0 | |a Derechos humanos |9 223025 | |
| 650 | 0 | |a Política y gobierno |9 255151 | |
| 650 | 7 | |a PERSECUCIONES POLITICAS |2 CL-VaPUC |9 436237 | |
| 650 | 0 | |a Historia de Chile 1973 |9 308179 | |
| 651 | 7 | |a CHILE |2 CL-VaPUC |9 461082 | |
| 583 | |a last modification |c 20010817 00:00:00 |k Rodrigo Vera | ||
| 999 | |c 296790 |d 296788 | ||
| 952 | |0 0 |1 0 |4 0 |6 323_100000000000000_VER_2000 |7 0 |8 A |9 350961 |a BIBEDU |b BIBEDU |d 2019-11-20 |i 3747867 |o 323.1 VER 2000 |p 3747867 |r 2019-11-20 |w 2019-11-20 |y BK |k CUE | ||